Estadísticas para Récords de los Premios Goya

Haz click aquí para intentar la prueba.

Estadísticas generales

  • Esta prueba ha sido intentada 11 veces
    (9 desde el último reinicio)
  • La puntuación promedio es 5 de 15

Estadísticas de respuestas

RécordNombre% Correcto
Película con más Premios Goya (14)Mar adentro (2004)
100%
Director de cine con más premios Goya a la Mejor película (4)Pedro Almodóvar
71%
Director de cine con más candidaturas a la Mejor película (10)Pedro Almodóvar
71%
Actriz con más candidaturas (12)Penélope Cruz
57%
Actriz con más premios Goya (4)Carmen Maura
43%
Directora de cine con más premios Goya (8)Isabel Coixet
43%
Actor con más premios Goya (6)Javier Bardem
43%
Intérpretes con más premios en la misma edición (2)Veronica Forqué y Emma Suárez
43%
Actor con más candidaturas (11)Antonio de la Torre
29%
Mayor número de premios (11) [Todos a la mejor música original]Alberto Iglesias
14%
Película con más candidaturas (20)El buen patrón (2021)
14%
Productora con más premios Goya a mejor película (5)El Deseo
14%
Película con más candidaturas (15) y ningún premio¡Átame! (1990)
0%
Mayor número de premios en diferentes categorías (9)Fernando Trueba
0%
Intérprete ganadora de las categorías: mejor interpretación protagonista, mejor interpretación de reparto y mejor revelación.Laila Marull
0%

Distribución de puntuación

Porcentaje por número respondido

Porcentaje de gente con cada puntuación

Historial de tus puntuaciones

No has intentado esta prueba desde el último reinicio